000 01302cad a22002055a 4500
001 L152435
008 110307e2011 xxk f 000 0 eng d
035 _a(Sirsi) u152435
041 0 _aeng
110 2 _aColliers International
_95548
245 0 0 _aColliers
_bglobal premier streets and destinations briefing paper - Tuesday 1st March 2011
260 _aLondon
_bColliers
_c2011
520 _aExplores 10 premier retail destinations: seven European including London's West End; 5th and Madison Avenue, New York and Rodeo Drive, Los Angeles; and Tokyo's Ginza. Identifies the essential ingredients that contribute to their attractiveness as destinations including the built environment, the range of shops and the mix of culture, leisure and entertainment. Reports on rental levels currently being achieved in terms of overall rent psf per annum 2009-2010 and percentage annual rental change 2009-2010.
590 _aKA NTK
651 4 _aInternational
690 _aPROPERTY-COMMERCIAL PROPERTY-RETAIL PROPERTY
690 _aPROPERTY-COMMERCIAL PROPERTY-COMMERCIAL PROPERTY MARKET
856 4 0 _uhttps://www.colliers.com/Markets/UK/content/MarketReports/SpecialityReports/Colliers_Global_Premier_Streets_Destinations.pdf
_zView the briefing paper free of charge at www.colliers.com
942 _n0
999 _c112059
_d112059